Score 0/35 Timer 07:00
0 Plays Today
% Correct
Brad Pitt
98.1%
Leonardo DiCaprio
94.2%
Jennifer Aniston
91.6%
Jennifer Lopez
90.3%
Daniel Craig
90.3%
Gwyneth Paltrow
88.3%
Reese Witherspoon
87.7%
Taylor Swift
87%
Margot Robbie
87%
Sandra Bullock
83.8%
Helen Mirren
81.2%
Chris Evans
80.5%
Pierce Brosnan
79.9%
Scarlett Johansson
79.9%
Cate Blanchett
79.2%
Charlize Theron
77.9%
Kirsten Dunst
76%
Michelle Williams
73.4%
% Correct
Renée Zellweger
72.7%
Saoirse Ronan
71.4%
Sofia Vergara
70.1%
Laura Dern
69.5%
Kit Harington
65.6%
Kerry Washington
59.7%
Olivia Colman
58.4%
Rachel Weisz
57.1%
Awkwafina
54.5%
Priyanka Chopra
53.2%
Ansel Elgort
47.4%
Naomi Watts
47.4%
Zoë Kravitz
45.5%
Shailene Woodley
44.2%
Beanie Feldstein
29.9%
Andrew Scott
27.9%
Joe Alwyn
18.2%
Remove Ads.
Support Sporcle.
Get the best of Sporcle when you Go Orange. This ad-free experience offers more features, more stats, and more fun while also helping to support Sporcle. Thank you for becoming a member.

You're not logged in!

Compare scores with friends on all Sporcle quizzes.
OR
Log In

Sporcle TV

Today on Sporcle TV


Watch our educational content, quiz creation guides, and fun videos on Sporcle TV.

Show Comments

Extras

Top Quizzes Today


Score Distribution

Paid Content

Your Account Isn't Verified!

In order to create a playlist on Sporcle, you need to verify the email address you used during registration. Go to your Sporcle Settings to finish the process.

Report this User

Report this user for behavior that violates our Community Guidelines.

Details: